| 000 | 00000nam 2200000zi 4500 |
| 001 | 9.877589 |
| 003 | CaOODSP |
| 005 | 20221107165020 |
| 006 | m o d f |
| 007 | cr cn||||||||| |
| 008 | 190807t20192019onc ob f000 0 eng d |
| 020 | |a9780660321172 |
| 040 | |aCaOODSP|beng|erda|cCaOODSP |
| 043 | |an-cn--- |
| 086 | 1 |aH14-332/2019E-PDF |
| 245 | 00|aRecall policy for health products. |
| 246 | 17|aRecall policy for health products (POL-0016) |
| 264 | 1|aOttawa, ON : |bHealth Canada = Santé Canada, |c2019. |
| 264 | 4|c©2019 |
| 300 | |a1 online resource (27 pages) |
| 336 | |atext|btxt|2rdacontent |
| 337 | |acomputer|bc|2rdamedia |
| 338 | |aonline resource|bcr|2rdacarrier |
| 500 | |aIssued also in French under title: Politique sur les retraits/rappels de produits de santé. |
| 500 | |aCover title. |
| 500 | |a"POL-0016." |
| 500 | |a"Publication date: August 15, 2019." |
| 500 | |a"Pub.: 190268." |
| 500 | |aIssued also in HTML format. |
| 504 | |aIncludes bibliographical references (page 27). |
| 692 | 07|2gccst|aHealth care products |
| 692 | 07|2gccst|aProduct recalls |
| 692 | 07|2gccst|aGovernment policy |
| 710 | 1 |aCanada. |bHealth Canada. |
| 775 | 08|tPolitique sur les retraits/rappels de produits de santé.|w(CaOODSP)9.877591 |
| 856 | 40|qPDF|s378 KB|uhttps://publications.gc.ca/collections/collection_2019/sc-hc/H14-332-2019-eng.pdf |
| 856 | 4 |qHTML|sN/A|uhttps://www.canada.ca/en/health-canada/services/drugs-health-products/compliance-enforcement/information-health-product/drugs/recall-policy-0016/policy.html |